| Tag |
First Indicator |
Second Indicator |
Subfields |
| LEADER |
00000cam a2200000 a 4500 |
| 001 |
in00001237225 |
| 005 |
20200725063032.0 |
| 008 |
940421s1995 ilu s001 0 eng |
| 010 |
|
|
|a 94018625
|
| 020 |
|
|
|a 0252021355 (cloth : acid-free paper)
|
| 035 |
|
|
|a (OCoLC)30593218
|
| 035 |
|
|
|9 AGS7521AM
|
| 040 |
|
|
|a DLC
|c DLC
|d TXA
|d UtOrBLW
|
| 043 |
|
|
|a n-us---
|
| 049 |
|
|
|a TXAM
|
| 050 |
0 |
0 |
|a MT18
|b .N48 1995
|
| 082 |
0 |
0 |
|a 780/.89
|2 20
|
| 100 |
1 |
|
|a Nettl, Bruno,
|d 1930-2020.
|
| 245 |
1 |
0 |
|a Heartland excursions :
|b ethnomusicological reflections on schools of music /
|c Bruno Nettl.
|
| 264 |
|
1 |
|a Urbana :
|b University of Illinois Press,
|c [1995]
|
| 264 |
|
4 |
|c ©1995
|
| 300 |
|
|
|a xiii, 170 pages ;
|c 24 cm.
|
| 336 |
|
|
|a text
|b txt
|2 rdacontent
|
| 337 |
|
|
|a unmediated
|b n
|2 rdamedia
|
| 338 |
|
|
|a volume
|b nc
|2 rdacarrier
|
| 490 |
1 |
|
|a Music in American life
|
| 500 |
|
|
|a Includes index.
|
| 650 |
|
0 |
|a Music in universities and colleges
|z United States.
|
| 650 |
|
0 |
|a Musical canon.
|
| 650 |
|
0 |
|a Ethnomusicology.
|
| 830 |
|
0 |
|a Music in American life.
|
| 999 |
|
|
|a MARS
|
| 999 |
f |
f |
|s e59a3404-1642-366b-92c7-a938f285a5a2
|i 37d7723f-c34f-3b17-8a73-530972b17e69
|t 0
|
| 952 |
f |
f |
|p normal
|a Texas A&M University
|b College Station
|c Sterling C. Evans Library
|d Evans: Library Stacks
|t 0
|e MT18 .N48 1995
|h Library of Congress classification
|i unmediated -- volume
|m A14819317217
|
| 998 |
f |
f |
|a MT18 .N48 1995
|t 0
|l Evans: Library Stacks
|